Род Адам. Сквозь годы жизни: литературно-художественное издание

Bibliografiske detaljer
Hovedforfatter: Адам В. М. Валерий Мартынович
Andre forfattere: Адам А. М. Альберт Мартынович (редактор)
Summary:Заглавие с титульного экрана
Sprog:russisk
Udgivet: Томск, Печатная мануфактура, 2015
Udgivelse:2-е изд., испр. и перераб.
Fag:
Online adgang:http://www.lib.tpu.ru/fulltext/m/2015/m05.pdf
Format: MixedMaterials Electronisk Bog
KOHA link:https://koha.lib.tpu.ru/cgi-bin/koha/opac-detail.pl?biblionumber=311222

MARC

LEADER 00000nlm0a2200000 4500
001 311222
005 20231102002350.0
035 |a (RuTPU)RU\TPU\book\336579 
090 |a 311222 
100 |a 20151204d2015 k y0rusy50 ca 
101 0 |a rus 
102 |a RU 
105 |a y z 000zy 
135 |a vrcn ---uucaa 
181 0 |a i  
182 0 |a b 
200 1 |a Род Адам. Сквозь годы жизни  |b Электронный ресурс  |e литературно-художественное издание  |f В. М. Адам  |g под ред. А. М. Адам 
203 |a Текст  |c электронный 
205 |a 2-е изд., испр. и перераб. 
210 |a Томск  |c Печатная мануфактура  |d 2015 
230 |a 1 компьютерный файл (pdf; 13 MB) 
300 |a Заглавие с титульного экрана 
337 |a Adobe Reader 
606 1 |a Немцы  |x Этнология  |2 stltpush  |3 (RuTPU)RU\TPU\subj\69789  |9 84479 
610 1 |a электронный ресурс 
610 1 |a родословные 
610 1 |a германские земли 
610 1 |a коллективизация 
610 1 |a репрессии 
610 1 |a немцы 
686 |a Т52(4)  |v LBC/SL-A  |2 rubbk 
700 1 |a Адам  |b В. М.  |g Валерий Мартынович 
702 1 |a Адам  |b А. М.  |c физик  |c ведущий инженер Томского политехнического университета, кандидат технических наук  |f 1940-  |g Альберт Мартынович  |2 stltpush  |3 (RuTPU)RU\TPU\pers\30619  |4 340 
801 1 |a RU  |b 63413507  |c 20151204 
801 2 |a RU  |b 63413507  |c 20160614  |g RCR 
856 4 |u http://www.lib.tpu.ru/fulltext/m/2015/m05.pdf 
942 |c CF